Training for skill in social case work/ (Record no. 629)

MARC details
000 -LEADER
fixed length control field 00463nam a2200169 a 4500
005 - DATE AND TIME OF LATEST TRANSACTION
control field 20260322212027.0
008 - FIXED-LENGTH DATA ELEMENTS--GENERAL INFORMATION
fixed length control field data
010 ## - LIBRARY OF CONGRESS CONTROL NUMBER
LC control number 42-16573
090 ## - LOCALLY ASSIGNED LC-TYPE CALL NUMBER (OCLC); LOCAL CALL NUMBER (RLIN)
Classification number (OCLC) (R) ; Classification number, CALL (RLIN) (NR) HV 43 R567t 1942
001 - CONTROL NUMBER
control field data
245 10 - TITLE STATEMENT
Title Training for skill in social case work/
Statement of responsibility, etc. Virginia Pollard Robinson.
260 ## - PUBLICATION, DISTRIBUTION, ETC.
Place of publication, distribution, etc. Philadelphia
Name of publisher, distributor, etc. University of Pennsylvania Press
Date of publication, distribution, etc. c1942
300 ## - PHYSICAL DESCRIPTION
Extent 126 p.
650 #4 - SUBJECT ADDED ENTRY--TOPICAL TERM
Topical term or geographic name entry element Social case work.
650 02 - SUBJECT ADDED ENTRY--TOPICAL TERM
Topical term or geographic name entry element Social Work
General subdivision history
700 1# - ADDED ENTRY--PERSONAL NAME
Personal name Robinson, Virginia Pollard
Holdings
Withdrawn status Lost status Damaged status Not for loan Home library Current library Shelving location Date acquired Total checkouts Full call number Barcode Date last seen Price effective from Koha item type
        Franklin Franklin General stacks 22/03/2026   GEN BC0010646 22/03/2026 22/03/2026 Books